[Event "I C.to Italiano a squadre femminile"]
[Site "Arvier ITA"]
[Date "2008.05.02"]
[Round "2"]
[White "Hangonyi, Margit"]
[Black "Ivaldi, Chiara"]
[Result "1-0"]
[WhiteElo "1419"]
[BlackElo "1350"]
[PlyCount "41"]
[EventDate "2008.05.02"]

1. c4 e5 2. Nc3 Nc6 3. g3 Bc5 4. Bg2 Nge7 5. Rb1 d6 6. Nf3 Bf5 7. d3 f6 8. O-O
Qd7 9. a3 O-O-O 10. b4 Bb6 11. Be3 Bxe3 12. fxe3 Rhf8 13. b5 Na5 14. Na4 b6 15.
Rb4 e4 16. Nh4 g5 17. Nxf5 Nxf5 18. Qd2 h5 19. dxe4 Nh6 20. Qd5 h4 21. Qa8# 1-0

[Event "I C.to Italiano a squadre femminile"]
[Site "Arvier ITA"]
[Date "2008.05.02"]
[Round "2"]
[White "Hu, Sofia"]
[Black "Compagnoni, Ilaria"]
[Result "1-0"]
[WhiteElo "1413"]
[BlackElo "1323"]
[PlyCount "105"]
[EventDate "2008.05.02"]

1. d4 d5 2. c4 Nf6 3. cxd5 Nxd5 4. e4 Nf6 5. Bd3 Nc6 6. Be3 Bg4 7. Ne2 e6 8.
O-O Bd6 9. h3 Bh5 10. Nbc3 O-O 11. e5 Nxe5 12. dxe5 Bxe5 13. Re1 Nd7 14. Qb3
Rb8 15. Bxa7 Ra8 16. Qxb7 Rc8 17. Rad1 Qe7 18. Qe4 f5 19. Qa4 Rcd8 20. Bb5 Be8
21. Bxd7 Bxd7 22. Qc4 Rf6 23. f4 Bd6 24. Bd4 Rg6 25. a4 Rf8 26. Nb5 Qh4 27. Bf2
Qf6 28. Qc3 Qe7 29. Nxd6 cxd6 30. b3 Rc8 31. Qd3 e5 32. fxe5 dxe5 33. Qxd7 Qf8
34. Rc1 Rgc6 35. Rxc6 Rxc6 36. Qxc6 g6 37. Qe6+ Qf7 38. Qxf7+ Kxf7 39. Rd1 h5
40. Bc5 e4 41. Rd6 Kg7 42. Nd4 Kh7 43. a5 Kg8 44. Rxg6+ Kf7 45. Re6 Kg7 46.
Nxf5+ Kh7 47. Bd4 Kg8 48. a6 Kf7 49. Rf6+ Kg8 50. a7 Kh7 51. a8=Q h4 52. Qb7+
Kh8 53. Rf8# 1-0

[Event "I C.to Italiano a squadre femminile"]
[Site "Arvier ITA"]
[Date "2008.05.02"]
[Round "2"]
[White "Lattanzi, Francesca"]
[Black "Goi, Veronika"]
[Result "0-1"]
[WhiteElo "1338"]
[BlackElo "1923"]
[PlyCount "88"]
[EventDate "2008.05.02"]

1. e4 e5 2. Nf3 Nc6 3. Bb5 Bc5 4. d3 Nge7 5. Bg5 f6 6. Be3 Bb4+ 7. c3 Ba5 8. b4
Bb6 9. Bxb6 cxb6 10. d4 exd4 11. Nxd4 a6 12. Bc4 Ne5 13. Bb3 b5 14. Qh5+ g6 15.
Qe2 Qc7 16. f4 Nc4 17. f5 b6 18. Qg4 Bb7 19. Rf1 Ne3 20. Qg3 Qxg3+ 21. hxg3
Nxf1 22. Kxf1 Bxe4 23. fxg6 hxg6 24. Nd2 Bd5 25. Re1 Rh1+ 26. Kf2 Rxe1 27. Kxe1
Bxg2 28. Kf2 Bd5 29. Bd1 Rc8 30. Ne2 Kf7 31. Nf1 Bxa2 32. Bc2 Bc4 33. Nf4 Bxf1
34. Kxf1 Rxc3 35. Be4 a5 36. bxa5 bxa5 37. Ne2 Ra3 38. Bc2 b4 39. Nd4 a4 40.
Ke2 b3 41. Bd3 b2 42. Bc4+ d5 43. Bd3 Rxd3 44. Kxd3 b1=Q+ 0-1

[Event "I C.to Italiano a squadre femminile"]
[Site "Arvier ITA"]
[Date "2008.05.02"]
[Round "2"]
[White "Messina, Roberta"]
[Black "Palmitessa, Chiara"]
[Result "1-0"]
[WhiteElo "1859"]
[BlackElo "1755"]
[PlyCount "43"]
[EventDate "2008.05.02"]

1. e4 e5 2. Nf3 Nc6 3. Bc4 Bc5 4. c3 d6 5. d3 Nf6 6. h3 h6 7. Nbd2 O-O 8. g4
Be6 9. Bb3 Qe7 10. Nf1 Nh7 11. Ng3 Ng5 12. Nxg5 hxg5 13. Qd2 Bxb3 14. axb3 f6
15. Nf5 Qe6 16. h4 gxh4 17. b4 Bb6 18. Rxh4 Kf7 19. Rh7 Rg8 20. Qh6 Qd7 21.
Nxg7 Qxg4 22. Nh5+ 1-0

[Event "I C.to Italiano a squadre femminile"]
[Site "Arvier ITA"]
[Date "2008.05.02"]
[Round "2"]
[White "Palmitessa, Irene"]
[Black "Sautto, Alessandra"]
[Result "1/2-1/2"]
[WhiteElo "1708"]
[BlackElo "1926"]
[PlyCount "83"]
[EventDate "2008.05.02"]

1. e4 e6 2. d4 d5 3. exd5 exd5 4. Bd3 Bd6 5. Nf3 Ne7 6. O-O Nbc6 7. c3 Bg4 8.
Re1 Qd7 9. Nbd2 O-O 10. Qc2 Bf5 11. Ng5 h6 12. Ngf3 Bxd3 13. Qxd3 Ng6 14. Nb3
Rfe8 15. Bd2 Re7 16. Rxe7 Ncxe7 17. Re1 c6 18. Re2 Qc7 19. Qb1 Kf8 20. Qe1 Nf4
21. Bxf4 Bxf4 22. Nc5 Bd6 23. Nd3 Ng6 24. h3 Qd7 25. Nfe5 Bxe5 26. Nxe5 Nxe5
27. Rxe5 Re8 28. Rxe8+ Qxe8 29. Qxe8+ Kxe8 30. f3 Ke7 31. Kf2 Ke6 32. Ke3 f5
33. f4 g6 34. g3 a6 35. a3 b6 36. a4 a5 37. b4 h5 38. Kd3 Kd6 39. bxa5 bxa5 40.
c4 Ke6 41. c5 Kf6 42. h4 1/2-1/2

[Event "I C.to Italiano a squadre femminile"]
[Site "Arvier ITA"]
[Date "2008.05.02"]
[Round "2"]
[White "Panella, Fiammetta"]
[Black "Capuano, Francesca"]
[Result "1-0"]
[WhiteElo "2042"]
[BlackElo "1914"]
[PlyCount "35"]
[EventDate "2008.05.02"]

1. e4 e5 2. d4 exd4 3. Nf3 Nf6 4. Bc4 Nxe4 5. Qxd4 Nf6 6. Nc3 Nc6 7. Qd3 Be7 8.
Bg5 d6 9. O-O-O O-O 10. Rhe1 a6 11. h4 h6 12. Bxh6 gxh6 13. Qg6+ Kh8 14. Qxh6+
Kg8 15. Ng5 Bf5 16. f3 b5 17. g4 Bg6 18. Qxg6+ 1-0

[Event "I C.to Italiano a squadre femminile"]
[Site "Arvier ITA"]
[Date "2008.05.02"]
[Round "2"]
[White "Proietti, Tosca"]
[Black "Brunello, Roberta"]
[Result "0-1"]
[WhiteElo "1611"]
[BlackElo "1936"]
[PlyCount "66"]
[EventDate "2008.05.02"]

1. e4 e5 2. Bc4 Bc5 3. Nc3 Nc6 4. d3 d6 5. Nge2 Nf6 6. O-O h6 7. Na4 Bb6 8.
Nxb6 axb6 9. Ng3 O-O 10. Bd2 Be6 11. Bb3 d5 12. exd5 Nxd5 13. Bxd5 Qxd5 14. a3
Nd4 15. f4 exf4 16. Bxf4 f5 17. c4 Qd7 18. Be5 Nc6 19. Bc3 Rad8 20. Qh5 Kh7 21.
Rad1 Nd4 22. Bxd4 Qxd4+ 23. Rf2 Bxc4 24. Ne2 Qf6 25. Nf4 Bb5 26. Kh1 Rd6 27. d4
Rxd4 28. Rxd4 Qxd4 29. Kg1 Qf6 30. h3 Bc6 31. Re2 Qd4+ 32. Rf2 Qd6 33. Ne2 g6
0-1

[Event "I C.to Italiano a squadre femminile"]
[Site "Arvier ITA"]
[Date "2008.05.02"]
[Round "2"]
[White "Ravazzolo, Gaia"]
[Black "Polin, Giulia"]
[Result "1/2-1/2"]
[WhiteElo "1479"]
[BlackElo "1422"]
[PlyCount "48"]
[EventDate "2008.05.02"]

1. d4 d5 2. Nf3 Nf6 3. c4 e6 4. Nc3 Nbd7 5. Bg5 a6 6. cxd5 exd5 7. Nxd5 c6 8.
Nc3 Be7 9. e3 O-O 10. Bd3 b5 11. a3 Bb7 12. Rc1 Rc8 13. O-O c5 14. dxc5 Rxc5
15. Bh4 Rh5 16. Bg3 Qa8 17. Be2 Rc5 18. h3 Rd8 19. Qb3 Nb6 20. Rfd1 Qc8 21.
Rxd8+ Qxd8 22. Rd1 Qa8 23. Rd2 Nbd5 24. Nxd5 Bxd5 1/2-1/2

[Event "I C.to Italiano a squadre femminile"]
[Site "Arvier ITA"]
[Date "2008.05.02"]
[Round "2"]
[White "Sedani, Elisa"]
[Black "Matta, Francesca"]
[Result "1-0"]
[WhiteElo "1577"]
[BlackElo "1929"]
[PlyCount "27"]
[EventDate "2008.05.02"]

1. e4 e5 2. Nf3 Nc6 3. d4 exd4 4. Bc4 Bc5 5. c3 Nf6 6. Bg5 Qe7 7. O-O d6 8.
cxd4 Bb6 9. e5 dxe5 10. dxe5 Nxe5 11. Nxe5 Qxe5 12. Re1 Bxf2+ 13. Kxf2 Ne4+ 14.
Rxe4 1-0

[Event "I C.to Italiano a squadre femminile"]
[Site "Arvier ITA"]
[Date "2008.05.02"]
[Round "2"]
[White "Spennati, Giulia"]
[Black "Rombaldoni, Sharon"]
[Result "0-1"]
[WhiteElo "1431"]
[BlackElo "1482"]
[PlyCount "124"]
[EventDate "2008.05.02"]

1. e4 e5 2. Nf3 Nc6 3. d4 d5 4. exd5 Qxd5 5. Nc3 Qd6 6. dxe5 Nxe5 7. Qxd6 Bxd6
8. Bf4 Nxf3+ 9. gxf3 Bxf4 10. Rd1 Bf5 11. Bd3 Bxd3 12. Rxd3 Nf6 13. Ne2 Bd6 14.
Re3+ Be7 15. c4 Rd8 16. Ng3 g6 17. h4 Rd7 18. h5 O-O 19. hxg6 fxg6 20. Ne4 Nxe4
21. fxe4 Bc5 22. Re2 Rd4 23. b3 Rf4 24. e5 Rde4 25. Rf1 Rxe2+ 26. Kxe2 Re4+ 27.
Kd3 Rxe5 28. Kc3 h5 29. b4 Be7 30. Kd4 Re2 31. a3 Ra2 32. f4 Rxa3 33. b5 Bf6+
34. Kd5 h4 35. Ke6 Kg7 36. Rh1 Rf3 37. Rd1 Rxf4 38. Rd7+ Kh6 39. Rxc7 h3 40.
Rd7 Rf1 41. Rd2 g5 42. c5 Bc3 43. Rc2 Ba5 44. c6 bxc6 45. bxc6 g4 46. Kd7 g3
47. c7 Bxc7 48. Rxc7 g2 49. Rc3 g1=Q 50. Rxh3+ Kg5 51. Rd3 Qg4+ 52. Kd8 Rd1 53.
Rxd1 Qxd1+ 54. Kc7 Qd5 55. Kc8 Qd6 56. Kb7 Kf5 57. Kxa7 Qb4 58. Ka6 Ke6 59. Ka7
Qb5 60. Ka8 Kd7 61. Ka7 Kc7 62. Ka8 Qb8# 0-1

[Event "I C.to Italiano a squadre femminile"]
[Site "Arvier ITA"]
[Date "2008.05.03"]
[Round "3"]
[White "Arnetta, Marianna"]
[Black "Barbiso, Tiziana"]
[Result "1-0"]
[WhiteElo "2011"]
[BlackElo "1970"]
[PlyCount "75"]
[EventDate "2008.05.02"]

1. e4 e6 2. d3 c5 3. Nd2 Nc6 4. Ngf3 Qc7 5. g3 Nf6 6. Bg2 d6 7. O-O Be7 8. Re1
Bd7 9. Nf1 O-O 10. h4 e5 11. Ne3 Qc8 12. c3 Ng4 13. Nd5 f5 14. Nxe7+ Nxe7 15.
Ng5 h6 16. exf5 Nxf2 17. Kxf2 hxg5 18. Qb3+ c4 19. Qxc4+ Qxc4 20. dxc4 Bxf5 21.
Bxg5 Rae8 22. Bxe7 Rxe7 23. Ke3 Be6 24. b3 Rd7 25. Rf1 Rfd8 26. Rad1 Bg4 27.
Bd5+ Kh7 28. Rd2 Kg6 29. Rdf2 Bh3 30. Rh1 Bg4 31. Be4+ Kh6 32. Bd5 Kg6 33. Rg1
Kh6 34. Rc1 Kg6 35. Rcc2 Kh6 36. Rcd2 Kg6 37. Be4+ Kh6 38. Bf5 1-0

[Event "I C.to Italiano a squadre femminile"]
[Site "Arvier ITA"]
[Date "2008.05.03"]
[Round "3"]
[White "Banki, Brigitta"]
[Black "Compagnoni, Ilaria"]
[Result "1-0"]
[WhiteElo "1792"]
[BlackElo "1323"]
[PlyCount "45"]
[EventDate "2008.05.02"]

1. e4 e5 2. Nf3 Nc6 3. Bc4 Nf6 4. Nc3 Bb4 5. a3 Ba5 6. b4 Bb6 7. d3 d6 8. h3
O-O 9. Bg5 Re8 10. Nd5 h6 11. Nxf6+ gxf6 12. Bxh6 Ne7 13. Nh4 Bd4 14. Bxf7+
Kxf7 15. Qh5+ Kg8 16. Rb1 Bc3+ 17. Bd2 Bd4 18. c3 Bb6 19. Bh6 c5 20. Nf5 Bxf5
21. exf5 Rc8 22. Qg4+ Kf7 23. Qg7# 1-0

[Event "I C.to Italiano a squadre femminile"]
[Site "Arvier ITA"]
[Date "2008.05.03"]
[Round "3"]
[White "Brunello, Marina"]
[Black "Panella, Fiammetta"]
[Result "1-0"]
[WhiteElo "2035"]
[BlackElo "2042"]
[PlyCount "65"]
[EventDate "2008.05.02"]

1. e4 d5 2. exd5 Qxd5 3. Nc3 Qa5 4. d4 Nf6 5. Bc4 Bf5 6. Bd2 c6 7. Nf3 e6 8.
Nd5 Qd8 9. Nxf6+ gxf6 10. Qe2 Qc7 11. d5 cxd5 12. Bxd5 Nc6 13. Bb3 O-O-O 14.
O-O-O Bc5 15. Bc3 e5 16. Nd2 Bd4 17. Qf3 Bg6 18. Rhe1 Bxc3 19. Qxc3 Nd4 20.
Qxc7+ Kxc7 21. Nc4 Rhg8 22. Ne3 Nxb3+ 23. axb3 Be4 24. f3 Bc6 25. Re2 h5 26.
Nf5 Rxd1+ 27. Kxd1 Rxg2 28. Rxg2 Bxf3+ 29. Re2 Bxe2+ 30. Kxe2 Kd7 31. Ke3 Kc6
32. Ke4 b6 33. h4 1-0

[Event "I C.to Italiano a squadre femminile"]
[Site "Arvier ITA"]
[Date "2008.05.03"]
[Round "3"]
[White "Capuano, Francesca"]
[Black "Hu, Sofia"]
[Result "1-0"]
[WhiteElo "1914"]
[BlackElo "1413"]
[PlyCount "29"]
[EventDate "2008.05.02"]

1. d4 Nf6 2. Nf3 g6 3. c4 d5 4. cxd5 Qxd5 5. Nc3 Qa5 6. Bd2 c6 7. h3 Bg7 8. e4
Nbd7 9. Bc4 e5 10. Nb5 Qb6 11. Nd6+ Ke7 12. Nxf7 Re8 13. O-O exd4 14. Bf4 c5
15. Bd6+ 1-0

[Event "I C.to Italiano a squadre femminile"]
[Site "Arvier ITA"]
[Date "2008.05.03"]
[Round "3"]
[White "Goi, Veronika"]
[Black "Palmitessa, Irene"]
[Result "1-0"]
[WhiteElo "1923"]
[BlackElo "1708"]
[PlyCount "75"]
[EventDate "2008.05.02"]

1. d4 d5 2. c4 e6 3. Nf3 Nf6 4. Nc3 Nbd7 5. Bg5 Be7 6. Qc2 c6 7. e3 O-O 8. h3
b6 9. Bf4 Bb7 10. Be2 Rc8 11. Rd1 c5 12. O-O cxd4 13. Rxd4 Bc5 14. Rdd1 dxc4
15. Ne5 a6 16. Nxc4 Nd5 17. Bd6 Ne7 18. Qd3 Bc6 19. Bxc5 bxc5 20. e4 Qc7 21.
Qe3 Ng6 22. f4 Rce8 23. Nd6 Re7 24. Bxa6 Qa7 25. Bc4 Qa8 26. Qg3 Nf6 27. Qe3
Qa7 28. Be2 Qb6 29. Rd2 Rd8 30. Nc4 Qb8 31. Rxd8+ Qxd8 32. Rd1 Rd7 33. Rxd7
Qxd7 34. Bf3 Qe7 35. g3 Nd7 36. Qd3 Nb8 37. Kg2 Na6 38. a3 1-0

[Event "I C.to Italiano a squadre femminile"]
[Site "Arvier ITA"]
[Date "2008.05.03"]
[Round "3"]
[White "Ivaldi, Chiara"]
[Black "Sedani, Elisa"]
[Result "0-1"]
[WhiteElo "1350"]
[BlackElo "1577"]
[PlyCount "74"]
[EventDate "2008.05.02"]

1. e4 c5 2. Bc4 d6 3. d3 g6 4. f4 e6 5. Nc3 Bg7 6. Bd2 Ne7 7. Nf3 O-O 8. Ng5 d5
9. Bb3 Nbc6 10. Qf3 f6 11. Nh3 Nd4 12. Qf2 Nxb3 13. cxb3 b6 14. O-O dxe4 15.
dxe4 f5 16. Qf3 Qxd2 17. Rad1 Qxb2 18. exf5 Rb8 19. fxg6 Nxg6 20. Rf2 Qxc3 21.
Qxc3 Bxc3 22. Rf3 Bd4+ 23. Kf1 e5 24. f5 Bxf5 25. Rg3 Bxh3+ 26. Ke2 Rf2+ 27.
Ke1 Rbf8 28. gxh3 Rf1+ 29. Kd2 R8f2+ 30. Kd3 Rxd1+ 31. Kc4 e4 32. Kb5 e3 33.
Rxe3 Bxe3 34. Ka6 Rxa2+ 35. Kb5 Ne5 36. b4 Rb1 37. h4 Rxb4# 0-1

[Event "I C.to Italiano a squadre femminile"]
[Site "Arvier ITA"]
[Date "2008.05.03"]
[Round "3"]
[White "Lattanzi, Francesca"]
[Black "Hangonyi, Margit"]
[Result "1-0"]
[WhiteElo "1338"]
[BlackElo "1419"]
[PlyCount "85"]
[EventDate "2008.05.02"]

1. e4 d6 2. Nc3 g6 3. f4 Bg7 4. Nf3 Nf6 5. Bb5+ c6 6. Bc4 O-O 7. O-O Nbd7 8.
Qe2 e5 9. d4 exd4 10. Nxd4 Qb6 11. Be3 Qxb2 12. Na4 Qb4 13. Bb3 Nxe4 14. a3 Qa5
15. c4 c5 16. Nb5 Bxa1 17. Rxa1 Qd8 18. Rd1 Qf6 19. Nc7 Rb8 20. Nd5 Qh4 21.
Ne7+ Qxe7 22. Bd2 b6 23. Bc2 f5 24. Qd3 Bb7 25. Re1 Rfe8 26. Nc3 Qh4 27. g3 Qh3
28. Re2 Nxc3 29. Bxc3 g5 30. Ba4 Re7 31. Kf2 Qxh2+ 32. Ke1 Rbe8 33. Bd1 Qh1+
34. Kd2 gxf4 35. gxf4 Nf6 36. Bxf6 Be4 37. Qg3+ Kf7 38. Qg7+ Ke6 39. Qg5 Kd7
40. Ba4+ b5 41. Bxb5+ Bc6 42. Bxe7 h6 43. Qxf5+ 1-0

[Event "I C.to Italiano a squadre femminile"]
[Site "Arvier ITA"]
[Date "2008.05.03"]
[Round "3"]
[White "Matta, Francesca"]
[Black "Costantini, Laura"]
[Result "1/2-1/2"]
[WhiteElo "1929"]
[BlackElo "2029"]
[PlyCount "104"]
[EventDate "2008.05.02"]

1. c4 g6 2. Nc3 Bg7 3. d4 Nf6 4. e4 d6 5. Nf3 O-O 6. Be2 e5 7. d5 a5 8. Bg5 h6
9. Bh4 Na6 10. Nd2 Qe8 11. a3 Bd7 12. b3 Nh7 13. O-O f5 14. f3 g5 15. Bf2 f4
16. Qb1 Qg6 17. b4 axb4 18. axb4 Nf6 19. c5 g4 20. c6 gxf3 21. Nxf3 bxc6 22.
Rxa6 Rxa6 23. Bxa6 cxd5 24. Nxd5 Nxd5 25. Bc4 Kh8 26. Bxd5 Bf6 27. Rc1 Bh3 28.
Ne1 f3 29. g3 Bd8 30. Qd3 Bg4 31. Bb3 h5 32. Bd1 Qf7 33. Rc3 Qa2 34. Qe3 Kg7
35. Bb3 Qb1 36. Qd3 Qa1 37. Bd1 Kg6 38. b5 Rf6 39. Ra3 Qb2 40. Bxf3 Qc1 41. Qe3
Qb1 42. Rb3 Qa1 43. Kg2 Qa4 44. h3 Be6 45. Rb1 Bc4 46. Be2 Qa2 47. Bxh5+ Kxh5
48. g4+ Kg6 49. Rc1 Bxb5 50. Rc2 Qf7 51. g5 Rf4 52. Bg3 52... Rf1 {...} 1/2-1/2

[Event "I C.to Italiano a squadre femminile"]
[Site "Arvier ITA"]
[Date "2008.05.03"]
[Round "3"]
[White "Polin, Giulia"]
[Black "Spennati, Giulia"]
[Result "1-0"]
[WhiteElo "1422"]
[BlackElo "1431"]
[PlyCount "47"]
[EventDate "2008.05.02"]

1. e4 e5 2. Nf3 d6 3. d4 exd4 4. Nxd4 Nf6 5. Nc3 Nbd7 6. Bc4 Nc5 7. f3 Be7 8.
Be3 O-O 9. Qd2 c6 10. O-O-O d5 11. exd5 cxd5 12. Be2 Bd7 13. h4 Nh5 14. Bf2 g5
15. Nxd5 f6 16. Nxe7+ Qxe7 17. hxg5 Ng7 18. gxf6 Qxf6 19. Bc4+ Kh8 20. Qh6
Qxh6+ 21. Rxh6 Nf5 22. Nxf5 Bxf5 23. Bd4+ Rf6 24. Bxf6# 1-0

[Event "I C.to Italiano a squadre femminile"]
[Site "Arvier ITA"]
[Date "2008.05.03"]
[Round "3"]
[White "Proietti, Tosca"]
[Black "Ravazzolo, Gaia"]
[Result "1-0"]
[WhiteElo "1611"]
[BlackElo "1479"]
[PlyCount "33"]
[EventDate "2008.05.02"]

1. e4 e5 2. Bc4 Nf6 3. Nc3 Be7 4. d3 O-O 5. Nge2 Nc6 6. O-O d6 7. Ng3 g6 8. f4
exf4 9. Bxf4 Ne5 10. Bb3 Ned7 11. a3 Re8 12. d4 Nb6 13. e5 Bg4 14. Qd2 dxe5 15.
Bxe5 Nfd7 16. Bxf7+ Kf8 17. Qh6# 1-0

[Event "I C.to Italiano a squadre femminile"]
[Site "Arvier ITA"]
[Date "2008.05.03"]
[Round "3"]
[White "Rombaldoni, Sharon"]
[Black "Evangelista, Chiara"]
[Result "1-0"]
[WhiteElo "1482"]
[BlackElo "1395"]
[PlyCount "55"]
[EventDate "2008.05.02"]

1. e4 e5 2. Nf3 Nc6 3. Bc4 Nf6 4. d3 Bc5 5. O-O d6 6. h3 O-O 7. Nc3 Be6 8. Nd5
Re8 9. Bg5 h6 10. Bxf6 gxf6 11. c3 f5 12. d4 fxe4 13. dxc5 exf3 14. Qxf3 dxc5
15. Rfd1 Kf8 16. Nf6 Qe7 17. Nxe8 Kxe8 18. Bb5 a6 19. Bxc6+ bxc6 20. Qxc6+ Kf8
21. Qxa8+ Kg7 22. Rd3 c4 23. Rg3+ Kf6 24. Qh8+ Kf5 25. Re1 f6 26. Qxh6 Bd5 27.
Qg6+ Kf4 28. Qg4# 1-0

[Event "I C.to Italiano a squadre femminile"]
[Site "Arvier ITA"]
[Date "2008.05.03"]
[Round "3"]
[White "Sautto, Alessandra"]
[Black "Brunello, Roberta"]
[Result "1/2-1/2"]
[WhiteElo "1926"]
[BlackElo "1936"]
[PlyCount "60"]
[EventDate "2008.05.02"]

1. d4 d5 2. Nf3 Nf6 3. Bf4 e6 4. e3 Nbd7 5. c4 Be7 6. Nc3 c6 7. h3 O-O 8. Bd3
dxc4 9. Bxc4 Nb6 10. Bd3 Nfd5 11. Bg3 c5 12. O-O cxd4 13. Nxd5 Nxd5 14. Nxd4
Bd6 15. Bxd6 Qxd6 16. Rc1 Bd7 17. Qh5 f5 18. Rfd1 Qe5 19. Bc4 Bc6 20. Nxc6 bxc6
21. Bxd5 cxd5 22. Rc2 Rac8 23. Rdc1 Rxc2 24. Rxc2 Qe4 25. Qe2 e5 26. Qd2 Rd8
27. Qa5 Re8 28. Qb5 Rd8 29. Qa5 Re8 30. Qb5 Rd8 1/2-1/2

[Event "I C.to Italiano a squadre femminile"]
[Site "Arvier ITA"]
[Date "2008.05.03"]
[Round "4"]
[White "Barbiso, Tiziana"]
[Black "Banki, Brigitta"]
[Result "1-0"]
[WhiteElo "1970"]
[BlackElo "1792"]
[PlyCount "41"]
[EventDate "2008.05.02"]

1. e4 e5 2. Nf3 Nc6 3. Nc3 Nf6 4. Bb5 a6 5. Bxc6 dxc6 6. Nxe5 Bb4 7. O-O Be6 8.
d3 Qd4 9. Nf3 Qc5 10. Be3 Qh5 11. Nd4 Bg4 12. f3 Bd6 13. h3 Bd7 14. f4 Qg6 15.
Qf3 Nh5 16. g4 f5 17. exf5 Bxf5 18. Nxf5 Nf6 19. Ne4 O-O-O 20. Nexd6+ cxd6 21.
Ne7+ 1-0

[Event "I C.to Italiano a squadre femminile"]
[Site "Arvier ITA"]
[Date "2008.05.03"]
[Round "4"]
[White "Brunello, Roberta"]
[Black "Palmitessa, Irene"]
[Result "1-0"]
[WhiteElo "1936"]
[BlackElo "1708"]
[PlyCount "49"]
[EventDate "2008.05.02"]

1. e4 e5 2. Nf3 Nc6 3. d4 exd4 4. Nxd4 Nf6 5. Nc3 Bb4 6. Nxc6 bxc6 7. Bd3 d5 8.
exd5 cxd5 9. O-O O-O 10. Bg5 Bxc3 11. bxc3 c6 12. Re1 Qd6 13. Qd2 Bg4 14. Re3
Rfe8 15. Rae1 Bd7 16. h3 Rxe3 17. Rxe3 Re8 18. Bxf6 Qxf6 19. Rxe8+ Bxe8 20. Qe3
Qe6 21. Qxa7 Qd6 22. a4 Qd7 23. Qb8 g6 24. a5 c5 25. a6 1-0

[Event "I C.to Italiano a squadre femminile"]
[Site "Arvier ITA"]
[Date "2008.05.03"]
[Round "4"]
[White "Capuano, Francesca"]
[Black "Brunello, Marina"]
[Result "1/2-1/2"]
[WhiteElo "1914"]
[BlackElo "2035"]
[PlyCount "25"]
[EventDate "2008.05.02"]

1. d4 d5 2. Nf3 e6 3. Bf4 Nf6 4. Nbd2 c5 5. e3 Nc6 6. c3 Bd6 7. Bg3 a6 8. Bd3
b6 9. Ne5 Qc7 10. f4 Bb7 11. Qe2 b5 12. O-O h5 13. Bh4 1/2-1/2

[Event "I C.to Italiano a squadre femminile"]
[Site "Arvier ITA"]
[Date "2008.05.03"]
[Round "4"]
[White "Compagnoni, Ilaria"]
[Black "Reginato, Sabrina"]
[Result "0-1"]
[WhiteElo "1323"]
[BlackElo "1793"]
[PlyCount "66"]
[EventDate "2008.05.02"]

1. e4 c5 2. Nf3 d6 3. Be2 Nc6 4. d3 Nf6 5. Bg5 e6 6. O-O Be7 7. Nc3 a6 8. Nh4
h6 9. Be3 Nxe4 10. Nxe4 Bxh4 11. g3 Be7 12. Nd2 d5 13. b3 d4 14. Bf4 e5 15. Be3
dxe3 16. fxe3 Bg5 17. Rf3 Bg4 18. Rf1 Bxe3+ 19. Kg2 Be6 20. Nf3 Qd7 21. a4 Bh3+
22. Kh1 Bxf1 23. Bxf1 O-O 24. Qe2 Bd4 25. Rd1 Bc3 26. Bh3 Qxh3 27. Rg1 Nd4 28.
Nxd4 exd4 29. Rf1 Rae8 30. Qf2 Re7 31. Rg1 Rfe8 32. b4 Re2 33. Qf1 Qxh2# 0-1

[Event "I C.to Italiano a squadre femminile"]
[Site "Arvier ITA"]
[Date "2008.05.03"]
[Round "4"]
[White "Evangelista, Chiara"]
[Black "Polin, Giulia"]
[Result "0-1"]
[WhiteElo "1395"]
[BlackElo "1422"]
[PlyCount "38"]
[EventDate "2008.05.02"]

1. e4 c5 2. Nc3 Nf6 3. f3 d6 4. Bc4 a6 5. Nge2 b5 6. Bd3 c4 7. e5 cxd3 8. cxd3
dxe5 9. O-O e6 10. a3 Bc5+ 11. Kh1 O-O 12. Qc2 Nbd7 13. b4 Ba7 14. f4 Bb7 15.
fxe5 Nxe5 16. Nf4 Nfg4 17. Nd1 Rc8 18. Qb3 Qh4 19. Nh3 Qxh3 0-1

[Event "I C.to Italiano a squadre femminile"]
[Site "Arvier ITA"]
[Date "2008.05.03"]
[Round "4"]
[White "Hangonyi, Margit"]
[Black "Matta, Francesca"]
[Result "0-1"]
[WhiteElo "1419"]
[BlackElo "1929"]
[PlyCount "88"]
[EventDate "2008.05.02"]

1. c4 c5 2. Nc3 Nc6 3. g3 g6 4. Bg2 Bg7 5. Nf3 Nf6 6. d3 O-O 7. O-O d5 8. b3
Ne4 9. Nxe4 dxe4 10. Rb1 exf3 11. Bxf3 Bh3 12. Re1 Bc3 13. Bd2 Bxd2 14. Qxd2
Qd7 15. Bxc6 Qxc6 16. f3 h5 17. Qf4 Qd6 18. Qh4 Qd4+ 19. Qxd4 cxd4 20. a3 e5
21. e3 dxe3 22. Rxe3 f6 23. f4 exf4 24. gxf4 Bf5 25. Rc1 Rad8 26. Rd1 Rf7 27.
Rd2 Rfd7 28. d4 Rxd4 29. Rxd4 Rxd4 30. Re8+ Kf7 31. Rb8 Be4 32. Rc8 Bc6 33. Ra8
a6 34. Rc8 Rxf4 35. Rxc6 bxc6 36. c5 Ke6 37. b4 Kf5 38. a4 Rxb4 39. a5 Rb2 40.
Kf1 Ke4 41. Ke1 Kd3 42. Kf1 Ke3 43. Kg1 Kf3 44. Kh1 Rb1# 0-1

[Event "I C.to Italiano a squadre femminile"]
[Site "Arvier ITA"]
[Date "2008.05.03"]
[Round "4"]
[White "Messina, Roberta"]
[Black "Proietti, Tosca"]
[Result "1-0"]
[WhiteElo "1859"]
[BlackElo "1611"]
[PlyCount "74"]
[EventDate "2008.05.02"]

1. e4 c5 2. a3 Nc6 3. b4 cxb4 4. axb4 Nxb4 5. c3 Nc6 6. d4 d5 7. e5 e6 8. Ba3
Bxa3 9. Nxa3 Nge7 10. Bd3 Ng6 11. Nb5 O-O 12. Qh5 f5 13. Nh3 Qh4 14. Qxh4 Nxh4
15. Nf4 Bd7 16. g3 Nf3+ 17. Ke2 Ng5 18. f3 Nf7 19. Nc7 Rac8 20. Nfxe6 Bxe6 21.
Nxe6 Rfe8 22. Bxf5 b6 23. Kd2 Na5 24. Kd3 Nc6 25. Rhe1 Rb8 26. Nc7 Red8 27. Be6
Kf8 28. Bxd5 Rxd5 29. Nxd5 Rd8 30. c4 Ng5 31. h4 Nh3 32. Re4 Na5 33. f4 g6 34.
h5 gxh5 35. f5 Ng5 36. e6 Nxe4 37. e7+ Ke8 1-0

[Event "I C.to Italiano a squadre femminile"]
[Site "Arvier ITA"]
[Date "2008.05.03"]
[Round "4"]
[White "Panella, Fiammetta"]
[Black "Arnetta, Marianna"]
[Result "1-0"]
[WhiteElo "2042"]
[BlackElo "2011"]
[PlyCount "62"]
[EventDate "2008.05.02"]

1. e4 e6 2. Nf3 d5 3. e5 c5 4. b4 c4 5. c3 a5 6. b5 a4 7. d3 cxd3 8. Bxd3 Nd7
9. O-O Bc5 10. Ba3 Ne7 11. Bc2 Bxa3 12. Nxa3 Ng6 13. Re1 Qe7 14. Nb1 Nc5 15.
Nbd2 Bd7 16. Rb1 O-O 17. Rb4 f5 18. exf6 Qxf6 19. Bxg6 Qxg6 20. Ne5 Qf5 21. Qe2
Be8 22. f3 Nd7 23. Nd3 Bg6 24. Nf4 Nc5 25. Nf1 Rfe8 26. Ne3 Qf6 27. Qd2 Red8
28. Ng4 Qf5 29. Nxg6 Qxg6 30. Ne5 Qe8 31. b6 Nd7 1-0

[Event "I C.to Italiano a squadre femminile"]
[Site "Arvier ITA"]
[Date "2008.05.03"]
[Round "4"]
[White "Ravazzolo, Gaia"]
[Black "Rombaldoni, Sharon"]
[Result "0-1"]
[WhiteElo "1479"]
[BlackElo "1482"]
[PlyCount "49"]
[EventDate "2008.05.02"]

1. d4 d5 2. Nf3 Nf6 3. c4 dxc4 4. Nc3 e6 5. Bg5 Be7 6. e3 b6 7. Bxc4 Bb7 8. O-O
O-O 9. a3 h6 10. Bh4 Ne4 11. Bxe7 Qxe7 12. Nxe4 Bxe4 13. Rc1 Rd8 14. Qe2 Nd7
15. Ba6 c5 16. Rfd1 e5 17. h3 exd4 18. exd4 cxd4 19. Nxd4 Nc5 20. Bb5 Qg5 21.
Nf3 Qg6 22. Rxd8+ Rxd8 23. Nh4 Qg5 24. Nf3 Qxc1+ 25. Kh2 0-1